000
00279nam a22001217a 4500
008
180806b xxu||||| |||| 00| 0 eng d
082
_a
813.52
245
_a
Maternal-Child Nursing Care
_c
Ward,S.L
260
_c
2009
300
_a
1
_f
CD
440
_x
0803620446
942
_2
ddc
_c
MX
999
_c
46793
_d
46793